000 00297nam a22001217a 4500
008 180806b xxu||||| |||| 00| 0 eng d
041 _aeng
080 _a616-053.2
100 _a8
101 _aPED
245 _a2006 Report of the committe on infectious disease
_cPickering,L.K
942 _2udc
_cBK
999 _c46879
_d46879